000 00637cam a2200205 4500500
005 20260329002424.0
041 _afre
042 _adc
100 1 0 _aLacroix, Alexandre
_eauthor
245 0 0 _aFrans De Waal:  “Les grands singes ont le sens de l’équité”
260 _c2012.
500 _a25
690 _aÉquité
690 _aÉthologie
690 _aFrans de Waal
690 _aGrands Singes
690 _aMoralité
786 0 _nPhilosophie magazine | 59 | 5 | 2012-05-01 | p. 27-29 | 1951-1787
856 4 1 _uhttps://shs.cairn.info/magazine-philosophie-magazine-2012-5-page-27?lang=fr&redirect-ssocas=7080
999 _c1814760
_d1814760